000
00277pam a2200121 a 4500
020
_c
041
_a
eng
100
_a
Saxena Ved .
245
_a
Medical collage Entrance Exam
_h
Textual Documents
250
_a
1996.
260
_a
Delhji :
_b
Young Man 888 NAT .
930
_a
16765
999
_c
93665
_d
93665